000 01776nam a2200481 i 4500
001 31499
003 KOSZ 005
005 20220421101605.0
008 980713s1996 pl a f f |000 0 pol
015 _aUWD 1997/5732
035 _a991004836709705066
035 _a(PL-WaBN)b11273926-48omnis_nlop
035 _ab11273926
035 _a(OCoLC)830126995
035 _a(PL)b0000001127392
035 _a(EXLNZ-48OMNIS_NETWORK)9910478559405606
040 _aWA N
_cWA N
_dKOSZ 005/HR
046 _k1996
080 _a547
080 _a(075.8+076)
100 1 _aMarzec, Halina
_eAutor
245 1 0 _aChemia organiczna :
_bprzewodnik do ćwiczeń dla studentów Wydz. Rolniczego i Zootechnicznego /
_cHalina Marzec.
260 _aBydgoszcz :
_bWydaw. Uczelniane AT-R,
_c1996.
300 _a119 s. :
_brys. ;
_c24 cm.
336 _aTekst
_btxt
_2rdacontent
337 _aBez urządzenia pośredniczącego
_bn
_2rdamedia
338 _aWolumin
_bnc
_2rdacarrier
380 _aKsiążki
380 _aPublikacje dydaktyczne
385 _mPoziom nauczania
_aSzkoły wyższe
388 _a1901-2000
388 _a1989-2000
490 1 _aSkrypty / Akademia Techniczno-Rolnicza im. Jana i Jędrzeja Śniadeckich w Bydgoszczy
504 _aBibliogr. s. 119.
650 7 _aChemia organiczna
_2DBN
655 7 _aĆwiczenia i zadania dla szkół wyższych
_2DBN
658 _aChemia
710 2 _aWydawnictwa Uczelniane Akademii Techniczno-Rolniczej (Bydgoszcz)
_4pbl
830 0 _aSkrypty - Akademia Techniczno-Rolnicza im. Jana i Jędrzeja Śniadeckich w Bydgoszczy
856 _uhttp://koha.tu.koszalin.pl/cgi-bin/koha/opac-detail.pl?biblionumber=31499
_yKatalog online BPK
942 _2UKD
_cKS
999 _c31499
_d31499